00634cam a22001937a 4500003000500000005001700005008004100022010001000063011001000073035001000083040000900093082001700102110006000119245008500179260007000264300002900334500005100363650002600414CHAP20220329134348.0971013s1980 r 00010 d a19354 a20326 a24414 cCHAP a633.15bA54Y aThe American Phytophatological Society. St. Paul, Minn. 0aCompendio de enfermedades del maízc/by The American Phytopathological Society aSt. Paul, Minn. :bThe American Phytopathological Society,c1980. a102 p.b; láms. : ilus aTrad. de : A compendium of corn diseases, 197614aMaízxEnfermedades.